Biblioteca

Misioneros a pesar de todo (Registro nro. 51538)

Detalles MARC
000 -LÍDER
Campo fijo de descripción fija 00969aab a2200193 i 4500
001 - NÚMERO DE CONTROL
Campo de control 768714001
003 - IDENTIFICADOR DEL NÚMERO DE CONTROL
Campo de control CO-MdFUSB
005 - FECHA Y HORA DE LA ULTIMA TRANSACCIÓN
control field 20241002062722.0
008 - ELEMENTOS DE LONGITUD FIJA -- INFORMACIÓN GENERAL
Campo fijo de descripción fija -- Información general 240410t1984 ag ||||| |||| 00| 0 spa d
040 ## - FUENTE DE CATALOGACIÓN
Idioma de catalogación spa
Agencia que realiza la transcripción CO-MdFUSB
041 ## - CÓDIGO DE IDIOMA
Código de idioma para texto/pista de sonido o título separado spa
100 1# - ASIENTO PRINCIPAL--NOMBRE PERSONAL
Nombre personal Deiros, Pablo A. (Alberto) (1945-)
Término relacionador autor
245 ## - TÍTULO
Título Misioneros a pesar de todo
Mención de responsabilidad / Pablo A. Deiros
300 ## - DESCRIPCIÓN FÍSICA
Extensión Volumen 3, número 4 (diciembre, 1984), páginas: 151 - 153
Dimensiones ; 27 cm
520 ## - NOTA DE RESUMEN, ETC.
Nota de sumario, etc. Perspectiva histórica del siglo IV, cuando Etiopía ya había establecido, organizado, expandido y nombrado su propio obispo como una forma de cristianismo. Además, muestra como las personas y las circunstancias bajo el gobierno soberano de Dios conducen a la expansión de la fe en Cristo.<br/>
650 #7 - ASIENTO SECUNDARIO DE MATERIA - TERMINO TEMÁTICO
Término temático o nombre geográfico como elemento de entrada Cristianismo
Subdivisión general Historia
Subdivisión cronológica 0030-0600 (Iglesia primitiva)
9 (RLIN) 217
773 0# - ASIENTO DE ITEM FUENTE
Título Iglesia y Misión
Biblionumber 49402
Itemnumber 59687
Parte(s) relacionada(s) / Volumen., número. (mes año), páginas Volumen 3, número 4 (diciembre, 1984), páginas: 151 - 153
Enumeración y primera página página: 151
942 ## - TIPO DE MATERIAL (KOHA)
Tipo de Item KOHA Artículos de Revista

No hay ítems disponibles.

Biblioteca FUSBC | Teléfono: (57+4) 349 88 10 Ext. 141| WhatsApp (+57) 3005338115 
E-mail: biblioteca@unisbc.edu.co | Calle 76 87-14 Robledo Palenque, Medellín, Colombia

Con tecnología Koha